| 000 | 01148nam a2200361 i 4500 | ||
|---|---|---|---|
| 001 | 197814 | ||
| 003 | ES-MaACL | ||
| 005 | 20251015201051.0 | ||
| 007 | ta | ||
| 008 | 250910s2019 it ||||| |||| 001 0 ita d | ||
| 020 | _a978-88-372-3305-1 | ||
| 040 |
_bspa _cES-MaACL |
||
| 080 | _a1"19" Volpi, Franco | ||
| 245 | 0 | 0 |
_aFranco Volpi : _bil pudore del pensiero / _cGiovanni Gurisatti, Antonio Gnoli (eds.) |
| 250 | _aPrima edizione : giugno 2019 | ||
| 264 | 1 |
_aBrescia : _bMorcelliana, _c2019 |
|
| 264 | 4 | _a©2019 | |
| 300 |
_a294 páginas ; _c21 cm |
||
| 336 |
_2rdacontent _atexto |
||
| 337 |
_2rdamedia _asin mediación |
||
| 338 |
_2rdacarrier _avolumen |
||
| 490 | 1 |
_aFilosofia ; _v98. _pTesti e studi |
|
| 500 | _aÍndice | ||
| 600 | 0 | 4 |
_9115713 _aVolpi, Franco |
| 650 | 7 |
_2embne _9144498 _aFilosofía moderna |
|
| 700 | 1 |
_9242235 _aGurisatti, Giovanni _epbl |
|
| 700 | 1 |
_9242236 _aGnoli, Antonio _epbl |
|
| 852 |
_aES-MaACL _cDEPO1 _jA-15805 _xEncuadernación rústica _9206785 |
||
| 942 |
_n0 _cMONOGRAFIA |
||
| 999 |
_c197814 _d197814 |
||